000 01154nam2a2200229 4500
001 rc\2998777
005 20260315071248.0
035 _a(NLR Aleph) 007207770
090 _a13630311
_c13630311
100 _a20110919d1941 u y0rusy50 ca
101 0 _arus
102 _aRU
105 _ay j |||||
200 1 _aСоветский Союз к концу восстановительного периода. Вопрос о социалистическом строительстве и победе социализма в нашей стране. XIV партконференция
_eСтенограмма лекции, прочитанной 8 марта 1941 года
210 _d1941
215 _a25, [4] с.
461 0 _1001rc\2998756
_12001#$aКурс истории ВКП(б)$fВысшая парт. школа при ЦК ВКП(б)$vГл. 9. Лекция 8
_97659309
_cМосква
_d1941
_fВысшая парт. школа при ЦК ВКП(б)
_nБ. и.
_tКурс истории ВКП(б)
_vГл. 9. Лекция 8
801 0 _aRU
_bNLR
_gpsbo
801 1 _aRU
_bELAR
_2rusmarc
852 _aNLR
_jИп30 В-6/3
942 _cUNSPEC
980 _aNB